000 00681cam a2200229 4500
001 sa 68011758
003 DLC
005 20260227112604.0
008 850806m19689999pk 00010 urdo
010 _asa 68011758
040 _aDLC
_cDLC
_dDLC
050 0 0 _aPK2198
_b.M88 1968
100 1 _aMuṣhafī, Gh̲ulām Hamdānī,
_d1750-1824.
240 1 0 _aPoems
245 1 0 _aKulliyāt-i Muṣḥafī.
_bMurattabah Nurūlḥasan Naqvī.
260 0 _aLāhaur,
_bMajlis-i Taraqqī-yi Adab
_c[1968-<1994 >
300 _av. <1-2, 4-5, 8 > ;
_c22 cm.
440 0 _aUrdū kā klāsīkī adab ;
_v38-
500 _aIn Urdu.
500 _aPoems.
700 1 _aNaqvī, Nurūlḥasan.
999 _c84100
_d84100